000
00350nam a2200169Ia 4500
100
_a
Beckwith/Thomas G
650
_a
Mechanical
250
_a
6
942
_c
BK
366
_f
25
245
_a
Mechanical measurements
260
_b
Pearson Eduation
_c
2007
082
_a
621
_b
BEC
300
_a
783
546
_a
ENGLISH
_c
Info.Tech
999
_c
18888
_d
18888